| 000 | 00368pam a2200145 a 4500 | ||
|---|---|---|---|
| 020 | _c | ||
| 041 | _h | ||
| 100 |
_aMORRISON P _eAuthor |
||
| 245 |
_aCOST MANAGEMENT FOR PROFITABLE FOOD AND BEVERAGE OPERATION _cMORRISON P _hTextual Documents |
||
| 260 |
_aAustralia _bHOSPITALITY Press |
||
| 300 | _a254 | ||
| 653 | _aAcCOUNT | ||
| 700 | _eCo-Author | ||
| 930 | _a962 | ||
| 999 |
_c243576 _d243576 |
||